000 00285nam a2200109Ia 4500
008 171211s9999 xx 000 0 und d
245 _aDelphi Cookbook
245 _cDaniele Teti
260 _c2014
650 _xIT eBOOKS
856 _uhttp://down.ebook777.com/020/Delphi%20Cookbook.pdf
999 _c349811
_d349811